000 00493nam 22001693 4500
001 200490
021 _b240060/06
090 _a200490
100 _a20260210d u||y0pory50 ba
200 _aDoenças tromboembólicas
_eda prevenção à terapêutica
_fCoordenação Francisco da Silva
210 _a[Lisboa]
_cIntermark
_d2006
215 _a180 p.
_cbrochado
_d22 cm
606 _9927
_aMedicina
675 _a61
_vPT
_zpor
701 _916292
_aSilva
_bFrancisco da
801 _aPT
_bBMMN
_gRPC
990 _cLIVROS